Bridge equipment and watchkeeping / (Record no. 3089)

000 -LEADER
fixed length control field 00660nam a2200253 a 4500
006 - FIXED-LENGTH DATA ELEMENTS--ADDITIONAL MATERIAL CHARACTERISTICS--GENERAL INFORMATION
fixed length control field a||||gr|||| 00| 0
007 - PHYSICAL DESCRIPTION FIXED FIELD--GENERAL INFORMATION
fixed length control field ta
008 - FIXED-LENGTH DATA ELEMENTS--GENERAL INFORMATION
fixed length control field 250124s2022 ii a|||gr|||| 000 0 eng d
020 ## - INTERNATIONAL STANDARD BOOK NUMBER
Terms of availability Rs. 500.00
040 ## - CATALOGING SOURCE
Original cataloging agency IMU Kochi Library
Language of cataloging eng
041 0# - LANGUAGE CODE
Language code of text/sound track or separate title eng
044 ## - COUNTRY OF PUBLISHING/PRODUCING ENTITY CODE
MARC country code India
082 04 - DEWEY DECIMAL CLASSIFICATION NUMBER
Edition number 23
Classification number 623.89
Item number B4695
100 1# - MAIN ENTRY--PERSONAL NAME
Personal name Bhatia, A. G.
245 10 - TITLE STATEMENT
Title Bridge equipment and watchkeeping /
Sub Title Capt. A. G. Bhatia
260 ## - PUBLICATION, DISTRIBUTION, ETC. (IMPRINT)
Place of publication, distribution, etc India :
Name of publisher, distributor, etc Gopilata Education Hub,
Date of publication, distribution, etc [2022]
300 ## - PHYSICAL DESCRIPTION
Extent iv, 115 p. :
Other physical details ill. ;
Dimensions 28 cm.
650 #0 - SUBJECT ADDED ENTRY--TOPICAL TERM
Topical term or geographic name as entry element Merchant marine
General subdivision Watch duty
-- Textbooks
650 #0 - SUBJECT ADDED ENTRY--TOPICAL TERM
Topical term or geographic name as entry element Navigation
General subdivision Textbooks
852 ## - LOCATION/CALL NUMBER
Location IMU Kochi Library
904 ## - LOCAL DATA ELEMENT D, LDD (RLIN)
CATALOGER Rudra Ranjan
905 ## - LOCAL DATA ELEMENT E, LDE (RLIN)
VERIFIER Rudra Ranjan
942 ## - ADDED ENTRY ELEMENTS (KOHA)
Item type Books
Holdings
Withdrawn status Lost status Source of classification or shelving scheme Damaged status Not for loan Collection code Permanent location Current location Shelving location Date acquired Source of acquisition Cost, normal purchase price Full call number Barcode Date last seen Koha item type Public note Total Checkouts Date last borrowed Total Renewals
          Nautical Science IMU Kochi Library IMU Kochi Library General Stacks 2025-01-24 M/s Sterling Book House (Inv. No. INV/7087 Dt. 15-01-2025) 500.00 623.89 B4695 BK006673 2025-01-24 Books Gen. Shelf-14, Row-5      
          Nautical Science IMU Kochi Library IMU Kochi Library General Stacks 2025-01-24 M/s Sterling Book House (Inv. No. INV/7087 Dt. 15-01-2025) 500.00 623.89 B4695 BK006674 2025-01-24 Books Gen. Shelf-14, Row-5      
          Nautical Science IMU Kochi Library IMU Kochi Library General Stacks 2025-01-24 M/s Sterling Book House (Inv. No. INV/7087 Dt. 15-01-2025) 500.00 623.89 B4695 BK006675 2025-03-03 Books Gen. Shelf-14, Row-5 2 2025-02-18  
          Nautical Science IMU Kochi Library IMU Kochi Library General Stacks 2025-01-24 M/s Sterling Book House (Inv. No. INV/7087 Dt. 15-01-2025) 500.00 623.89 B4695 BK006676 2025-06-16 Books Gen. Shelf-14, Row-5 2 2025-05-20 3
          Nautical Science IMU Kochi Library IMU Kochi Library General Stacks 2025-01-24 M/s Sterling Book House (Inv. No. INV/7087 Dt. 15-01-2025) 500.00 623.89 B4695 BK006677 2025-01-24 Books Gen. Shelf-14, Row-5      


Copyright © All Rights Reserved by Indian Maritime University, Kochi Campus.
For any Suggestions/Query Contact to library or Email: library.kochi@imu.ac.in Ph:(0484)-2989402
(Web OPAC Designed by Rudra Ranjan. Maintained by IMU Kochi Library)

Powered by Koha